000 00511nam a2200181Ia 4500
001 2304
005 20260306144757.0
008 260306t2011||||xx |||||||||||||| ||spa||
041 _aESP
082 _a616.858
_bM26A
100 _aMartínez Ortiz, Efrén
_eAUT
245 0 _aLos modos de ser inauténticos:
_bpsicoterapia centrada en el sentido de los trastornos de la personalidad
260 _c2011
300 _axix, 327 páginas :
_c23 cm.
650 _aGEN
654 _aCPS
942 _cLIB
_dJUS
_fJUS
_2ddc
_n
999 _c2304
_d2304